000
00217nam a2200097Ia 4500
008
190216s9999||||xx |||||||||||||| ||und||
100
_a
Sambashiva
245
0
_a
Animal Physiology&Ecology
260
_b
Null
942
_c
BK
999
_c
37361
_d
37361